000 00450nam a2200193Ia 4500
005 20240823021302.0
008 240823s9999||||xx |||||||||||||| ||und||
020 _a0-07-047332-3
041 _aENGLISH
082 _A624.18341 P5
100 _aSinha S N
245 0 _aReinforced Concrete Design
250 _a2nd
260 _c2005
_b"TMH,New D"
500 _aTRANSFERED
650 _aConcrete Design
_bCivil
942 _cBK
999 _c176703
_d176703